Music Quiz

Random Music or Artist Quiz

Life, Time, Rain or Rock Songs Quiz Stats

 Plays Quiz Updated Dec 9, 2017

Challenge
Share
Tweet
Embed
Score 0/40 Timer 06:00
5 Plays Today
Question Answer Wrong Answers
Story Of My ____
One Direction (2013)
Life
93.5%
Time
0.3%
Rain
0.1%
Rock
0.1%
You Are The Sunshine Of My ____
Stevie Wonder (1973)
Life
93.3%
Time
0.2%
Rain
0.4%
Rock
0.1%
Purple ____
Prince (1984)
Rain
93%
Life
0.3%
Time
0.1%
Rock
0.3%
You Light Up My ____
Debby Boone (1977)
Life
93%
Time
0.5%
Rain
0.1%
Rock
0.2%
Jailhouse ____
Elvis Presley (1957)
Rock
92.8%
Life
0.4%
Time
0.5%
Rain
0.2%
Jingle Bell ____
Bobby Helms (1957)
Rock
92.2%
Life
0.2%
Time
1%
Rain
0.3%
____ In The Fast Lane
Eagles (1977)
Life
91.7%
Time
0.9%
Rain
0.5%
Rock
0.6%
____ After ____
Cyndi Lauper (1984)
Time
91.7%
Life
1.8%
Rain
0.2%
Rock
0.1%
Always Look On The Bright Side Of ____
Monty Python (1979)
Life
91.7%
Time
1.2%
Rain
0.6%
Rock
0.2%
____ Around The Clock
Bill Haley And His Comets (1954)
Rock
91.6%
Life
0.7%
Time
1.3%
Rain
0.2%
November ____
Guns N' Roses (1992)
Rain
90.9%
Life
0.5%
Time
1.2%
Rock
1.2%
____ Is A Highway
Tom Cochrane (1991)
Life
90.7%
Time
2.2%
Rain
0.2%
Rock
0.7%
____ On Mars?
David Bowie (1971)
Life
90.6%
Time
1%
Rain
1.7%
Rock
0.5%
____ Is On My Side
The Rolling Stones (1964)
Time
90.4%
Life
1.9%
Rain
0.3%
Rock
1%
Crocodile ____
Elton John (1972)
Rock
89.7%
Life
0.8%
Time
0.7%
Rain
2.4%
Set Fire To The ____
Adele (2011)
Rain
89%
Life
0.9%
Time
1.1%
Rock
2.8%
____ Steady
Aretha Franklin (1971)
Rock
87.6%
Life
1.6%
Time
1.6%
Rain
2.4%
Blame It On The ____
Milli Vanilli (1989)
Rain
87.4%
Life
0.6%
Time
2.1%
Rock
3.4%
The Longest ____
Billy Joel (1984)
Time
87.1%
Life
3.7%
Rain
2.3%
Rock
0.4%
The Glamorous ____
Sheila E (1984)
Life
86.1%
Time
3.8%
Rain
1.7%
Rock
1.8%
____ In A Northern Town
The Dream Academy (1985)
Life
85.5%
Time
2.3%
Rain
4%
Rock
1.4%
Hard Knock ____ (Ghetto Anthem)
Jay-Z (1998)
Life
80.7%
Time
2.3%
Rain
0.8%
Rock
9.9%
____ (Clock Of The Heart)
Culture Club (1982)
Time
75.8%
Life
7.1%
Rain
1.6%
Rock
8.8%
Rhythm Of The ____
The Cascades (1963)
Rain
74.9%
Life
7.7%
Time
6.4%
Rock
4.2%
Only ____
Enya (2000)
Time
74.5%
Life
8.5%
Rain
8.8%
Rock
1.2%
____ On The Roof
The Lovin' Spoonful (1966)
Rain
74.2%
Life
9%
Time
2.4%
Rock
7.9%
Long Live ____
The Who (1979)
Rock
73.5%
Life
15.5%
Time
3.5%
Rain
1.1%
Party ____ Anthem
LMFAO (2011)
Rock
73.2%
Life
4.6%
Time
15.6%
Rain
0.3%
____ In A Bottle
Jim Croce (1973)
Time
72.8%
Life
13.2%
Rain
5.8%
Rock
1.8%
____ With You
Michael Jackson (1979)
Rock
69.6%
Life
16.1%
Time
7.7%
Rain
0.2%
The ____, The Park & Other Things
The Cowsills (1967)
Rain
67.4%
Life
6.1%
Time
4.2%
Rock
15.5%
____ Won't Let Me
The Outsiders (1966)
Time
67.4%
Life
22.8%
Rain
1.8%
Rock
1.3%
____ Passages
Al Stewart (1978)
Time
66.4%
Life
21.6%
Rain
1.5%
Rock
3.7%
Kentucky ____
Elvis Presley (1970)
Rain
65.1%
Life
7.1%
Time
2.1%
Rock
18.9%
Red River ____
Johnny & The Hurricanes (1959)
Rock
58.8%
Life
1.9%
Time
1.5%
Rain
30.8%
Twilight ____
The Platters (1958)
Time
57.6%
Life
4.8%
Rain
19.2%
Rock
11.4%
____ Has Come Today
The Chambers Brothers (1967)
Time
56.9%
Life
7.1%
Rain
27.9%
Rock
1.7%
No ____
Blind Melon (1992)
Rain
49.6%
Life
4.9%
Time
38.5%
Rock
0.5%
Limbo ____
Chubby Checker (1962)
Rock
49.3%
Life
6.8%
Time
36.3%
Rain
1.1%
Mandolin ____
Bruce Hornsby & The Range (1987)
Rain
46.9%
Life
4%
Time
9.6%
Rock
32.6%

You're not logged in!

Compare scores with friends on all Sporcle quizzes.
OR
Log In

You Might Also Like...

Show Comments

Extras

Top Quizzes Today


Score Distribution

Your Account Isn't Verified!

In order to create a playlist on Sporcle, you need to verify the email address you used during registration. Go to your Sporcle Settings to finish the process.

Report this User

Report this user for behavior that violates our Community Guidelines.

Details: